000 00778cam a22002657a 4500
003 CHAP
005 20220329141047.0
008 971013s1994 r 00010 d
010 _a62051
011 _a63023
035 _a67199
040 _cCHAP
082 _a635.9333
_bT4
100 0 0 _aThomas, Graham Stuart.
_9112828
245 1 4 _aThe Graham Stuart Thomas rose book
260 _aOregon, Portland :
_bSagapesress/Timber Press,
_c1994
300 _a385 p.
_b: ilus.
590 _aBATCH-UPD
_b10
_c20130110
_lUCH01
_h1051
590 _aCONVERSION
_b10
_c20130109
_lUCH01
_h1333
650 1 4 _aRosas.
_999959
650 1 4 _aRosas
_xVariedades.
_999992
901 _aBK
942 _cLIBRO
949 _a635.9333 T4
_bBC
_cC
_d33724000627717
_eC
_gI. 181174
_h91581
_i67199
_si
_t148.00
999 _c62051
_d62051